000 00683nam a22002057a 4500
003 0
005 20250129105538.0
008 150928b xxu||||| |||| 00| 0 eng d
050 _aPGS BF 575.S75
_b.Y59 2015
100 _aYoon, Chang Min.
245 _aStress management and reading books /
_cChang Min Yoon.
260 _aLas PiƱas City, Philippines :
_bSouthville International School and Colleges,
_c2015.
300 _a24 p. :
_bill. ;
_c28 cm.
504 _aIncludes bibliographical references.
650 _aStress management.
650 _aBibliotherapy.
650 _aBooks and reading
_vPsychological aspects.
650 _aStress (Psychology).
942 _2lcc
_cPASS
999 _c288768
_d288768